00676nam a2200181 a 450000100100000000500170001000800410002702000150006804000250008308200270010810000450013524500830018025000120026326000530027530000360032860000520036465100780041600002764520240409073641.0110404t1996 dr ac 001 0bspa d a0915534436 aDO-SdBNPbspacBNPHU a923.17293bT866p, 19961 aPeña Rivera, Víctor Alicinio,d1935-10aTrujillo :bhistoria oculta de un dictador /cVíctor Alicinio Peña Rivera. a3ª ed. aSanto Domingo :bPublicaciones América,c1996. a413 p. :bil., retrs. ;c21 cm.10aTrujillo Molina, Rafael Leónidas,d 1891-1961 4aRepública DominicanaxPolítica Y GobiernoyERA DE TRUJILLO, 1930-1961